| 000 | 01103cam a2200337 a 4500 | ||
|---|---|---|---|
| 001 | 122320 | ||
| 005 | 20230410143356.0 | ||
| 008 | 910119s1987 mx ab b 000 0 spa d | ||
| 010 | _a91107227 | ||
| 020 | _a9686672494 | ||
| 035 | _9(DLC) 91107227 | ||
| 035 | _a(OCoLC)17342455 | ||
| 040 |
_aWU _cDLC _dDLC |
||
| 041 | _aspa | ||
| 042 | _alccopycat | ||
| 043 | _an-mx--- | ||
| 050 | 1 | 4 |
_aF1271 _b.P832 1987 |
| 245 | 0 | 0 |
_aPor tierras de cocos y palmeras : _bapuntes de viajeros a Colima, siglos XVIII a XX / _ccompilación, introducción y notas, Servando Ortoll ; viajeros, Diego de Lazaga ... [et al.]. |
| 260 |
_aXochimilco, D.F., México : _bEditorial Offset, _c1987. |
||
| 300 |
_a246 p. : _bill., 1 map ; _c17 cm. |
||
| 490 | 0 |
_aColección Testimonio ; _v45 |
|
| 504 | _aIncludes bibliographical references. | ||
| 650 | 4 | _aCRV | |
| 650 | 4 | _aColección René Villarreal. | |
| 651 | 0 |
_aColima (Mexico : State) _xDescription and travel. |
|
| 700 | 1 | _aOrtoll, Servando. | |
| 700 | 1 |
_aLazaga, Diego de, _dactive 18th century. |
|
| 922 | _aad | ||
| 942 |
_2lcc _cbk |
||
| 946 | _almd | ||
| 999 |
_c100542 _d100542 |
||